<?xml version="1.0" encoding="UTF-8"?>
<record
    xmlns:xsi="http://www.w3.org/2001/XMLSchema-instance"
    xsi:schemaLocation="http://www.loc.gov/MARC21/slim http://www.loc.gov/standards/marcxml/schema/MARC21slim.xsd"
    xmlns="http://www.loc.gov/MARC21/slim">

  <leader>01672cam a22003257a 4500</leader>
  <datafield tag="999" ind1=" " ind2=" ">
    <subfield code="c">529198</subfield>
    <subfield code="d">529198</subfield>
  </datafield>
  <controlfield tag="001">17319694</controlfield>
  <controlfield tag="005">20190920201835.0</controlfield>
  <controlfield tag="008">120525s2011    ilua     b    001 0 eng d</controlfield>
  <datafield tag="010" ind1=" " ind2=" ">
    <subfield code="a">  2012405341</subfield>
  </datafield>
  <datafield tag="020" ind1=" " ind2=" ">
    <subfield code="a">9781577666783</subfield>
  </datafield>
  <datafield tag="020" ind1=" " ind2=" ">
    <subfield code="a">157766678X</subfield>
  </datafield>
  <datafield tag="035" ind1=" " ind2=" ">
    <subfield code="a">(OCoLC)ocn659284051</subfield>
  </datafield>
  <datafield tag="040" ind1=" " ind2=" ">
    <subfield code="a">YDXCP</subfield>
    <subfield code="c">YDXCP</subfield>
    <subfield code="d">UW1</subfield>
    <subfield code="d">MUU</subfield>
    <subfield code="d">UAB</subfield>
    <subfield code="d">OSU</subfield>
    <subfield code="d">DLC</subfield>
  </datafield>
  <datafield tag="042" ind1=" " ind2=" ">
    <subfield code="a">lccopycat</subfield>
  </datafield>
  <datafield tag="050" ind1="0" ind2="0">
    <subfield code="a">TD883</subfield>
    <subfield code="b">.C585 2011</subfield>
  </datafield>
  <datafield tag="082" ind1="0" ind2="4">
    <subfield code="a">628.5</subfield>
    <subfield code="2">22</subfield>
    <subfield code="b">COO</subfield>
  </datafield>
  <datafield tag="100" ind1="1" ind2=" ">
    <subfield code="a">Cooper, C. David.</subfield>
    <subfield code="9">6488</subfield>
  </datafield>
  <datafield tag="245" ind1="1" ind2="0">
    <subfield code="a">Air pollution control :</subfield>
    <subfield code="b">a design approach /</subfield>
    <subfield code="c">C. David Cooper, F.C. Alley.</subfield>
  </datafield>
  <datafield tag="250" ind1=" " ind2=" ">
    <subfield code="a">4th ed.</subfield>
  </datafield>
  <datafield tag="260" ind1=" " ind2=" ">
    <subfield code="a">Long Grove, Ill. :</subfield>
    <subfield code="b">Waveland Press,</subfield>
    <subfield code="c">c2011</subfield>
  </datafield>
  <datafield tag="300" ind1=" " ind2=" ">
    <subfield code="a">xvi, 839 p. :</subfield>
    <subfield code="b">ill. ;</subfield>
    <subfield code="c">23 cm.</subfield>
  </datafield>
  <datafield tag="504" ind1=" " ind2=" ">
    <subfield code="a">Includes bibliographical references and index.</subfield>
  </datafield>
  <datafield tag="505" ind1="0" ind2=" ">
    <subfield code="a">An overview -- What is process design? -- Particulate matter -- Cyclones -- Electrostatic precipitators -- Fabric filters -- Particulate scrubbers -- Auxiliary equipment : hoods, ducts, fans, and coolers -- A particulate control problem -- Properties of gases and vapors -- VOC incinerators -- Gas adsorption -- Gas absorption -- Biological control of VOCs and odors -- Control of sulfur oxides -- Control of nitrogen oxides -- A vapor control problem -- Mobile sources : an overview -- Air pollution and meteorology -- Atmospheric dispersion modeling -- Indoor air quality and control -- Control of carbon dioxide.</subfield>
  </datafield>
  <datafield tag="650" ind1=" " ind2="0">
    <subfield code="a">Air</subfield>
    <subfield code="x">Pollution.</subfield>
    <subfield code="9">2261</subfield>
  </datafield>
  <datafield tag="650" ind1=" " ind2="0">
    <subfield code="a">Air</subfield>
    <subfield code="x">Purification</subfield>
    <subfield code="x">Equipment and supplies.</subfield>
    <subfield code="9">6489</subfield>
  </datafield>
  <datafield tag="700" ind1="1" ind2=" ">
    <subfield code="a">Alley, F. C.</subfield>
    <subfield code="9">6490</subfield>
  </datafield>
  <datafield tag="906" ind1=" " ind2=" ">
    <subfield code="a">7</subfield>
    <subfield code="b">cbc</subfield>
    <subfield code="c">copycat</subfield>
    <subfield code="d">2</subfield>
    <subfield code="e">ncip</subfield>
    <subfield code="f">20</subfield>
    <subfield code="g">y-gencatlg</subfield>
  </datafield>
  <datafield tag="942" ind1=" " ind2=" ">
    <subfield code="2">ddc</subfield>
    <subfield code="c">BK</subfield>
  </datafield>
  <datafield tag="952" ind1=" " ind2=" ">
    <subfield code="0">0</subfield>
    <subfield code="1">0</subfield>
    <subfield code="2">ddc</subfield>
    <subfield code="4">0</subfield>
    <subfield code="7">0</subfield>
    <subfield code="a">NIT</subfield>
    <subfield code="b">NIT</subfield>
    <subfield code="d">2019-09-20</subfield>
    <subfield code="l">0</subfield>
    <subfield code="o">628.5 COO</subfield>
    <subfield code="p">NIT-BB1730</subfield>
    <subfield code="r">2019-09-20</subfield>
    <subfield code="w">2019-09-20</subfield>
    <subfield code="y">BK</subfield>
  </datafield>
  <datafield tag="952" ind1=" " ind2=" ">
    <subfield code="0">0</subfield>
    <subfield code="1">0</subfield>
    <subfield code="2">ddc</subfield>
    <subfield code="4">0</subfield>
    <subfield code="7">0</subfield>
    <subfield code="a">NIT</subfield>
    <subfield code="b">NIT</subfield>
    <subfield code="d">2019-09-20</subfield>
    <subfield code="l">0</subfield>
    <subfield code="o">628.5 COO</subfield>
    <subfield code="p">NIT-BB1731</subfield>
    <subfield code="r">2019-09-20</subfield>
    <subfield code="w">2019-09-20</subfield>
    <subfield code="y">BK</subfield>
  </datafield>
  <datafield tag="952" ind1=" " ind2=" ">
    <subfield code="0">0</subfield>
    <subfield code="1">0</subfield>
    <subfield code="2">ddc</subfield>
    <subfield code="4">0</subfield>
    <subfield code="7">0</subfield>
    <subfield code="a">NIT</subfield>
    <subfield code="b">NIT</subfield>
    <subfield code="d">2019-09-20</subfield>
    <subfield code="l">0</subfield>
    <subfield code="o">628.5 COO</subfield>
    <subfield code="p">NIT-BB1732</subfield>
    <subfield code="r">2019-09-20</subfield>
    <subfield code="w">2019-09-20</subfield>
    <subfield code="y">BK</subfield>
  </datafield>
  <datafield tag="952" ind1=" " ind2=" ">
    <subfield code="0">0</subfield>
    <subfield code="1">0</subfield>
    <subfield code="2">ddc</subfield>
    <subfield code="4">0</subfield>
    <subfield code="7">0</subfield>
    <subfield code="a">NIT</subfield>
    <subfield code="b">NIT</subfield>
    <subfield code="d">2019-09-20</subfield>
    <subfield code="l">0</subfield>
    <subfield code="o">628.5 COO</subfield>
    <subfield code="p">NIT-BB1733</subfield>
    <subfield code="r">2019-09-20</subfield>
    <subfield code="w">2019-09-20</subfield>
    <subfield code="y">BK</subfield>
  </datafield>
  <datafield tag="952" ind1=" " ind2=" ">
    <subfield code="0">0</subfield>
    <subfield code="1">0</subfield>
    <subfield code="2">ddc</subfield>
    <subfield code="4">0</subfield>
    <subfield code="7">0</subfield>
    <subfield code="a">NIT</subfield>
    <subfield code="b">NIT</subfield>
    <subfield code="d">2019-09-20</subfield>
    <subfield code="l">0</subfield>
    <subfield code="o">628.5 COO</subfield>
    <subfield code="p">NIT-BB1734</subfield>
    <subfield code="r">2019-09-20</subfield>
    <subfield code="w">2019-09-20</subfield>
    <subfield code="y">BK</subfield>
  </datafield>
  <datafield tag="952" ind1=" " ind2=" ">
    <subfield code="0">0</subfield>
    <subfield code="1">0</subfield>
    <subfield code="2">ddc</subfield>
    <subfield code="4">0</subfield>
    <subfield code="7">0</subfield>
    <subfield code="a">NIT</subfield>
    <subfield code="b">NIT</subfield>
    <subfield code="d">2019-09-20</subfield>
    <subfield code="l">0</subfield>
    <subfield code="o">628.5 COO</subfield>
    <subfield code="p">NIT-BB1735</subfield>
    <subfield code="r">2019-09-20</subfield>
    <subfield code="w">2019-09-20</subfield>
    <subfield code="y">BK</subfield>
  </datafield>
  <datafield tag="952" ind1=" " ind2=" ">
    <subfield code="0">0</subfield>
    <subfield code="1">0</subfield>
    <subfield code="2">ddc</subfield>
    <subfield code="4">0</subfield>
    <subfield code="7">0</subfield>
    <subfield code="a">NIT</subfield>
    <subfield code="b">NIT</subfield>
    <subfield code="d">2019-09-20</subfield>
    <subfield code="l">0</subfield>
    <subfield code="o">628.5 COO</subfield>
    <subfield code="p">NIT-BB1736</subfield>
    <subfield code="r">2020-02-26</subfield>
    <subfield code="w">2019-09-20</subfield>
    <subfield code="y">BK</subfield>
  </datafield>
  <datafield tag="952" ind1=" " ind2=" ">
    <subfield code="0">0</subfield>
    <subfield code="1">0</subfield>
    <subfield code="2">ddc</subfield>
    <subfield code="4">0</subfield>
    <subfield code="7">0</subfield>
    <subfield code="a">NIT</subfield>
    <subfield code="b">NIT</subfield>
    <subfield code="d">2019-09-20</subfield>
    <subfield code="l">0</subfield>
    <subfield code="o">628.5 COO</subfield>
    <subfield code="p">NIT-BB1737</subfield>
    <subfield code="r">2019-09-20</subfield>
    <subfield code="w">2019-09-20</subfield>
    <subfield code="y">BK</subfield>
  </datafield>
  <datafield tag="952" ind1=" " ind2=" ">
    <subfield code="0">0</subfield>
    <subfield code="1">0</subfield>
    <subfield code="2">ddc</subfield>
    <subfield code="4">0</subfield>
    <subfield code="7">0</subfield>
    <subfield code="a">NIT</subfield>
    <subfield code="b">NIT</subfield>
    <subfield code="d">2019-09-20</subfield>
    <subfield code="l">0</subfield>
    <subfield code="o">628.5 COO</subfield>
    <subfield code="p">NIT-BB1738</subfield>
    <subfield code="r">2019-09-20</subfield>
    <subfield code="w">2019-09-20</subfield>
    <subfield code="y">BK</subfield>
  </datafield>
  <datafield tag="952" ind1=" " ind2=" ">
    <subfield code="0">0</subfield>
    <subfield code="1">0</subfield>
    <subfield code="2">ddc</subfield>
    <subfield code="4">0</subfield>
    <subfield code="7">0</subfield>
    <subfield code="a">NIT</subfield>
    <subfield code="b">NIT</subfield>
    <subfield code="d">2019-09-20</subfield>
    <subfield code="l">0</subfield>
    <subfield code="o">628.5 COO</subfield>
    <subfield code="p">NIT-BB1739</subfield>
    <subfield code="r">2019-09-20</subfield>
    <subfield code="w">2019-09-20</subfield>
    <subfield code="y">BK</subfield>
  </datafield>
  <datafield tag="952" ind1=" " ind2=" ">
    <subfield code="0">0</subfield>
    <subfield code="1">0</subfield>
    <subfield code="2">ddc</subfield>
    <subfield code="4">0</subfield>
    <subfield code="7">0</subfield>
    <subfield code="a">NIT</subfield>
    <subfield code="b">NIT</subfield>
    <subfield code="d">2019-09-20</subfield>
    <subfield code="l">0</subfield>
    <subfield code="o">628.5 COO</subfield>
    <subfield code="p">NIT-BB1740</subfield>
    <subfield code="r">2019-09-20</subfield>
    <subfield code="w">2019-09-20</subfield>
    <subfield code="y">BK</subfield>
  </datafield>
  <datafield tag="952" ind1=" " ind2=" ">
    <subfield code="0">0</subfield>
    <subfield code="1">0</subfield>
    <subfield code="2">ddc</subfield>
    <subfield code="4">0</subfield>
    <subfield code="7">0</subfield>
    <subfield code="a">NIT</subfield>
    <subfield code="b">NIT</subfield>
    <subfield code="d">2019-09-20</subfield>
    <subfield code="l">0</subfield>
    <subfield code="o">628.5 COO</subfield>
    <subfield code="p">NIT-BB1741</subfield>
    <subfield code="r">2019-09-20</subfield>
    <subfield code="w">2019-09-20</subfield>
    <subfield code="y">BK</subfield>
  </datafield>
  <datafield tag="952" ind1=" " ind2=" ">
    <subfield code="0">0</subfield>
    <subfield code="1">0</subfield>
    <subfield code="2">ddc</subfield>
    <subfield code="4">0</subfield>
    <subfield code="7">0</subfield>
    <subfield code="a">NIT</subfield>
    <subfield code="b">NIT</subfield>
    <subfield code="d">2019-09-20</subfield>
    <subfield code="l">0</subfield>
    <subfield code="o">628.5 COO</subfield>
    <subfield code="p">NIT-BB1742</subfield>
    <subfield code="r">2019-09-20</subfield>
    <subfield code="w">2019-09-20</subfield>
    <subfield code="y">BK</subfield>
  </datafield>
  <datafield tag="952" ind1=" " ind2=" ">
    <subfield code="0">0</subfield>
    <subfield code="1">0</subfield>
    <subfield code="2">ddc</subfield>
    <subfield code="4">0</subfield>
    <subfield code="7">0</subfield>
    <subfield code="a">NIT</subfield>
    <subfield code="b">NIT</subfield>
    <subfield code="d">2019-09-20</subfield>
    <subfield code="l">0</subfield>
    <subfield code="o">628.5 COO</subfield>
    <subfield code="p">NIT-BB1743</subfield>
    <subfield code="r">2019-09-20</subfield>
    <subfield code="w">2019-09-20</subfield>
    <subfield code="y">BK</subfield>
  </datafield>
  <datafield tag="952" ind1=" " ind2=" ">
    <subfield code="0">0</subfield>
    <subfield code="1">0</subfield>
    <subfield code="2">ddc</subfield>
    <subfield code="4">0</subfield>
    <subfield code="7">0</subfield>
    <subfield code="a">NIT</subfield>
    <subfield code="b">NIT</subfield>
    <subfield code="d">2019-09-20</subfield>
    <subfield code="l">0</subfield>
    <subfield code="o">628.5 COO</subfield>
    <subfield code="p">NIT-BB1744</subfield>
    <subfield code="r">2019-09-20</subfield>
    <subfield code="w">2019-09-20</subfield>
    <subfield code="y">BK</subfield>
  </datafield>
  <datafield tag="952" ind1=" " ind2=" ">
    <subfield code="0">0</subfield>
    <subfield code="1">0</subfield>
    <subfield code="2">ddc</subfield>
    <subfield code="4">0</subfield>
    <subfield code="7">0</subfield>
    <subfield code="a">NIT</subfield>
    <subfield code="b">NIT</subfield>
    <subfield code="d">2019-09-20</subfield>
    <subfield code="l">0</subfield>
    <subfield code="o">628.5 COO</subfield>
    <subfield code="p">NIT-BB1745</subfield>
    <subfield code="r">2019-09-20</subfield>
    <subfield code="w">2019-09-20</subfield>
    <subfield code="y">BK</subfield>
  </datafield>
  <datafield tag="952" ind1=" " ind2=" ">
    <subfield code="0">0</subfield>
    <subfield code="1">0</subfield>
    <subfield code="2">ddc</subfield>
    <subfield code="4">0</subfield>
    <subfield code="7">0</subfield>
    <subfield code="a">NIT</subfield>
    <subfield code="b">NIT</subfield>
    <subfield code="d">2019-09-20</subfield>
    <subfield code="l">0</subfield>
    <subfield code="o">628.5 COO</subfield>
    <subfield code="p">NIT-BB1746</subfield>
    <subfield code="r">2019-09-20</subfield>
    <subfield code="w">2019-09-20</subfield>
    <subfield code="y">BK</subfield>
  </datafield>
  <datafield tag="952" ind1=" " ind2=" ">
    <subfield code="0">0</subfield>
    <subfield code="1">0</subfield>
    <subfield code="2">ddc</subfield>
    <subfield code="4">0</subfield>
    <subfield code="7">0</subfield>
    <subfield code="a">NIT</subfield>
    <subfield code="b">NIT</subfield>
    <subfield code="d">2019-09-20</subfield>
    <subfield code="l">1</subfield>
    <subfield code="o">628.5 COO</subfield>
    <subfield code="p">NIT-BB1747</subfield>
    <subfield code="r">2023-01-31</subfield>
    <subfield code="s">2023-01-31</subfield>
    <subfield code="w">2019-09-20</subfield>
    <subfield code="y">BK</subfield>
  </datafield>
  <datafield tag="952" ind1=" " ind2=" ">
    <subfield code="0">0</subfield>
    <subfield code="1">0</subfield>
    <subfield code="2">ddc</subfield>
    <subfield code="4">0</subfield>
    <subfield code="7">0</subfield>
    <subfield code="a">NIT</subfield>
    <subfield code="b">NIT</subfield>
    <subfield code="d">2019-09-20</subfield>
    <subfield code="l">0</subfield>
    <subfield code="o">628.5 COO</subfield>
    <subfield code="p">NIT-BB1748</subfield>
    <subfield code="r">2019-09-20</subfield>
    <subfield code="w">2019-09-20</subfield>
    <subfield code="y">BK</subfield>
  </datafield>
  <datafield tag="952" ind1=" " ind2=" ">
    <subfield code="0">0</subfield>
    <subfield code="1">0</subfield>
    <subfield code="2">ddc</subfield>
    <subfield code="4">0</subfield>
    <subfield code="7">0</subfield>
    <subfield code="a">NIT</subfield>
    <subfield code="b">NIT</subfield>
    <subfield code="d">2019-09-20</subfield>
    <subfield code="l">0</subfield>
    <subfield code="o">628.5 COO</subfield>
    <subfield code="p">NIT-BB1749</subfield>
    <subfield code="r">2019-09-20</subfield>
    <subfield code="w">2019-09-20</subfield>
    <subfield code="y">BK</subfield>
  </datafield>
  <datafield tag="952" ind1=" " ind2=" ">
    <subfield code="0">0</subfield>
    <subfield code="1">0</subfield>
    <subfield code="2">ddc</subfield>
    <subfield code="4">0</subfield>
    <subfield code="7">0</subfield>
    <subfield code="a">NIT</subfield>
    <subfield code="b">NIT</subfield>
    <subfield code="d">2019-09-20</subfield>
    <subfield code="l">0</subfield>
    <subfield code="o">628.5 COO</subfield>
    <subfield code="p">NIT-BB1750</subfield>
    <subfield code="r">2019-09-20</subfield>
    <subfield code="w">2019-09-20</subfield>
    <subfield code="y">BK</subfield>
  </datafield>
  <datafield tag="952" ind1=" " ind2=" ">
    <subfield code="0">0</subfield>
    <subfield code="1">0</subfield>
    <subfield code="2">ddc</subfield>
    <subfield code="4">0</subfield>
    <subfield code="7">0</subfield>
    <subfield code="a">NIT</subfield>
    <subfield code="b">NIT</subfield>
    <subfield code="d">2019-09-20</subfield>
    <subfield code="l">0</subfield>
    <subfield code="o">628.5 COO</subfield>
    <subfield code="p">NIT-BB1751</subfield>
    <subfield code="r">2019-09-20</subfield>
    <subfield code="w">2019-09-20</subfield>
    <subfield code="y">BK</subfield>
  </datafield>
  <datafield tag="952" ind1=" " ind2=" ">
    <subfield code="0">0</subfield>
    <subfield code="1">0</subfield>
    <subfield code="2">ddc</subfield>
    <subfield code="4">0</subfield>
    <subfield code="7">0</subfield>
    <subfield code="a">NIT</subfield>
    <subfield code="b">NIT</subfield>
    <subfield code="d">2019-09-20</subfield>
    <subfield code="l">0</subfield>
    <subfield code="o">628.5 COO</subfield>
    <subfield code="p">NIT-BB1752</subfield>
    <subfield code="r">2019-09-20</subfield>
    <subfield code="w">2019-09-20</subfield>
    <subfield code="y">BK</subfield>
  </datafield>
  <datafield tag="952" ind1=" " ind2=" ">
    <subfield code="0">0</subfield>
    <subfield code="1">0</subfield>
    <subfield code="2">ddc</subfield>
    <subfield code="4">0</subfield>
    <subfield code="7">0</subfield>
    <subfield code="a">NIT</subfield>
    <subfield code="b">NIT</subfield>
    <subfield code="d">2019-09-20</subfield>
    <subfield code="l">0</subfield>
    <subfield code="o">628.5 COO</subfield>
    <subfield code="p">NIT-BB1753</subfield>
    <subfield code="r">2019-09-20</subfield>
    <subfield code="w">2019-09-20</subfield>
    <subfield code="y">BK</subfield>
  </datafield>
  <datafield tag="952" ind1=" " ind2=" ">
    <subfield code="0">0</subfield>
    <subfield code="1">0</subfield>
    <subfield code="2">ddc</subfield>
    <subfield code="4">0</subfield>
    <subfield code="7">0</subfield>
    <subfield code="a">NIT</subfield>
    <subfield code="b">NIT</subfield>
    <subfield code="d">2019-09-20</subfield>
    <subfield code="l">0</subfield>
    <subfield code="o">628.5 COO</subfield>
    <subfield code="p">NIT-BB1754</subfield>
    <subfield code="r">2019-09-20</subfield>
    <subfield code="w">2019-09-20</subfield>
    <subfield code="y">BK</subfield>
  </datafield>
  <datafield tag="952" ind1=" " ind2=" ">
    <subfield code="0">0</subfield>
    <subfield code="1">0</subfield>
    <subfield code="2">ddc</subfield>
    <subfield code="4">0</subfield>
    <subfield code="7">0</subfield>
    <subfield code="a">NIT</subfield>
    <subfield code="b">NIT</subfield>
    <subfield code="d">2019-09-20</subfield>
    <subfield code="l">0</subfield>
    <subfield code="o">628.5 COO</subfield>
    <subfield code="p">NIT-BB1755</subfield>
    <subfield code="r">2019-09-20</subfield>
    <subfield code="w">2019-09-20</subfield>
    <subfield code="y">BK</subfield>
  </datafield>
  <datafield tag="952" ind1=" " ind2=" ">
    <subfield code="0">0</subfield>
    <subfield code="1">0</subfield>
    <subfield code="2">ddc</subfield>
    <subfield code="4">0</subfield>
    <subfield code="7">0</subfield>
    <subfield code="a">NIT</subfield>
    <subfield code="b">NIT</subfield>
    <subfield code="d">2019-09-20</subfield>
    <subfield code="l">0</subfield>
    <subfield code="o">628.5 COO</subfield>
    <subfield code="p">NIT-BB1756</subfield>
    <subfield code="r">2019-09-20</subfield>
    <subfield code="w">2019-09-20</subfield>
    <subfield code="y">BK</subfield>
  </datafield>
  <datafield tag="952" ind1=" " ind2=" ">
    <subfield code="0">0</subfield>
    <subfield code="1">0</subfield>
    <subfield code="2">ddc</subfield>
    <subfield code="4">0</subfield>
    <subfield code="7">0</subfield>
    <subfield code="a">NIT</subfield>
    <subfield code="b">NIT</subfield>
    <subfield code="d">2019-09-20</subfield>
    <subfield code="l">0</subfield>
    <subfield code="o">628.5 COO</subfield>
    <subfield code="p">NIT-BB1757</subfield>
    <subfield code="r">2019-09-20</subfield>
    <subfield code="w">2019-09-20</subfield>
    <subfield code="y">BK</subfield>
  </datafield>
  <datafield tag="952" ind1=" " ind2=" ">
    <subfield code="0">0</subfield>
    <subfield code="1">0</subfield>
    <subfield code="2">ddc</subfield>
    <subfield code="4">0</subfield>
    <subfield code="7">0</subfield>
    <subfield code="a">NIT</subfield>
    <subfield code="b">NIT</subfield>
    <subfield code="d">2019-09-20</subfield>
    <subfield code="l">0</subfield>
    <subfield code="o">628.5 COO</subfield>
    <subfield code="p">NIT-BB1758</subfield>
    <subfield code="r">2019-09-20</subfield>
    <subfield code="w">2019-09-20</subfield>
    <subfield code="y">BK</subfield>
  </datafield>
  <datafield tag="952" ind1=" " ind2=" ">
    <subfield code="0">0</subfield>
    <subfield code="1">0</subfield>
    <subfield code="2">ddc</subfield>
    <subfield code="4">0</subfield>
    <subfield code="7">0</subfield>
    <subfield code="a">NIT</subfield>
    <subfield code="b">NIT</subfield>
    <subfield code="d">2019-09-20</subfield>
    <subfield code="l">0</subfield>
    <subfield code="o">628.5 COO</subfield>
    <subfield code="p">NIT-BB1759</subfield>
    <subfield code="r">2019-09-20</subfield>
    <subfield code="w">2019-09-20</subfield>
    <subfield code="y">BK</subfield>
  </datafield>
</record>
